Estatísticas para Músicos por País #1

Clique aqui para jogar o quiz

Estatísticas Gerais

  • Esse quiz foi jogado 3,423 vezes
  • A pontuação média é 13 de 20

Estatísticas das Respostas

Músico ou Grupo País % Correto
Michael JacksonEstados Unidos
99%
The BeatlesReino Unido
94%
ShakiraColômbia
92%
Bob MarleyJamaica
89%
Antônio Carlos JobimBrasil
84%
Luciano PavarottiItália
79%
Enrique IglesiasEspanha
79%
U2Irlanda
74%
Céline DionCanadá
66%
Wolfgang Amadeus MozartÁustria
65%
ABBASuécia
63%
Carlos SantanaMéxico
60%
AC/DCAustrália
56%
BjörkIslândia
52%
David GuettaFrança
49%
Ravi ShankarÍndia
47%
KraftwerkAlemanha
47%
Tiësto Países Baixos
25%
Flight of the ConchordsNova Zelândia
21%
Jean SibeliusFinlândia
16%

Distribuição das Pontuações

Percentil de Números Respondidos

Porcentagem de Pessoas com Cada Pontuação

Sua Pontuação Histórica

Você não jogou esse quiz